Palaces of Nepal by Picture #1 - Statistics

General Stats
  • This quiz has been taken 31 times
  • The average score is 7 of 12
Answer Stats
Picture Answer % Correct
Singha Durbar
100%
Narayanhiti Durbar
96%
Gorkha Durbar
87%
Patan Durbar Square
83%
Rani Mahal
78%
Nuwakot Durbar
65%
Char Burja Durbar
39%
Sheetal Niwas
39%
Tansen Durbar
30%
Kaiser Mahal
26%
Babar Mahal
17%
Thapathali Durbar
13%
No matching quizzes found
Score Distribution
Percent of People with Each Score
Percentile by Number Answered
Your Score History
You have not taken this quiz